00245nam a22000977a 450008200140000010000270001424500430004126000360008430000080012065000190012800a297.4 BHA aBhajjan, Samuel Victor aSufiyan-E-Chishtiya Dar Hind (Persian) aTehranbTehran Universityc1961 a232 aSufism-Chishti